Bulgarian First League 2021-22 Teams - Statistics

General Stats
  • This quiz has been taken 48 times
  • The average score is 12 of 14
Answer Stats
Answer % Correct
Levski
100%
Botev Plovdiv
97%
CSKA Sofia
97%
Lokomotiv Plovdiv
97%
Lokomotiv Sofia
91%
Ludogorets
91%
Cherno More
88%
Arda
85%
Beroe
79%
Botev Vratsa
79%
CSKA 1948
79%
Slavia
76%
Pirin
59%
Tsarsko Selo
50%
No matching quizzes found
Score Distribution
Percent of People with Each Score
Percentile by Number Answered
Your Score History
You have not taken this quiz